La palabra encendida /

Guardado en:
Autor Principal: Cuenca, Hector
Formato: Libro
Publicado: Caracas : Dir. De Cultura Y Bellas Artes Del Ministerio De Educacion, 1957
Materias:
Etiquetas: Agregar Etiqueta
Sin Etiquetas, Sea el primero en etiquetar este registro!
LEADER 00490nam a22001575a 4500
001 EHU.bham015331
003 AR-BHAM
005 20100408194229.0
008 130507s1957##################000#0#####d
082 9 8 |a 987 
100 1 |a Cuenca, Hector 
245 1 0 |a La palabra encendida /  |c Hector Cuenca 
260 |a Caracas :  |b Dir. De Cultura Y Bellas Artes Del Ministerio De Educacion,  |c 1957 
300 |a 178p. 
653 |a Historia de venezuela 
859 |a AR-BHAM  |b BIB. HUMANIDADES - General  |h 987  |i C894  |p 418.59  |t Ej.1